000 00808nam a2200265Ia 4500
003 OSt
005 20220925215405.0
006 a|||||r|||| 00| 0
007 ta
008 220923b |||||||| |||| 00| 0 eng d
037 _cGeneral Book
040 _aRTL
_cRTL
_beng
041 _2eng
_aeng
082 _aXs3.N7, L4/GD
110 _aGreat Britain, Central Statistical Office
245 0 _aAnnual abstracts of statistics
260 _aLondon
_bHMSO
_c1974
300 _a442p
_ccm.
490 _v1974 (443p)
_aGovt Statistical Service, Publication
500 _aAppendix: P 421-424
650 _aGreat Britain Economic Conditions
_9237853
700 _aGreat Britain, Central Statistical Office
942 _hXs3.N7, L4/GD
_cGB
_2CC
999 _c568662
_d568662